Normal view
MARC view
- Supervisor: Dr. Abdul Salam Khan
Entry Personal Name
001 - CONTROL NUMBER
- control field: 120155
003 - CONTROL NUMBER IDENTIFIER
- control field: NUST
005 - DATE AND TIME OF LATEST TRANSACTION
- control field: 20240129163217.0
008 - FIXED-LENGTH DATA ELEMENTS
- fixed length control field: 240129|| aca||aabn | a|a d
040 ## - CATALOGING SOURCE
- Original cataloging agency: NUST
- Transcribing agency: NUST
100 ## - HEADING--PERSONAL NAME
- Personal name: Supervisor: Dr. Abdul Salam Khan
670 ## - SOURCE DATA FOUND
- Source citation: Work cat.: (NUST): Anjum, Irij 120154, CENTRALIZED PLASMA SUPPLY CHAIN NETWORK DESIGN UNDER UNCERTAIN DONOR AND RECIPIENT AVAILABILITY/
